000 00933nam a2200229Ia 4500
001 10291
003 GE_BSU
008 181216s||||||||xx |||||||||||||| ||und||
040 _cGE_BSU
080 _a821.353.1.09
100 _aსტურუა,დევი
245 _aბედისწერა:[ლიტ.წერილები:ქართული ლიტერატურის ისტორია და ისტორია]
245 _cრედ.ნ.ქართველიშვილი.მხატვ.ნ.ჯიშკარიანი
260 _aთბილისი
260 _bნაკადული
260 _c1989
300 _a188გვ.20სმ.
541 _h3ლ.
653 _aბედისწერა
653 _aლიტ.წერილები:ქართული ლიტერატურის ისტორია და ისტორია
942 _cBK
999 _c43559
_d43559